000 00648nam a2200205 b 4500
001 00000000066056
003 OSt
005 20130619114908.0
008 020226s1971 esp 000 0bspa d
040 _aBU-BP
_cBMC
082 _a920 Federico I
100 _aPacaut, Marcel
_9874
245 1 0 _aFederico Barbarroja
_cMarcel Pacaut ; [traducción del francés por Victorio Peral Domínguez]
260 _aMadrid
_bEspasa-Calpe
_c1971
300 _a227 p.
_c18 cm
490 _aAustral
_v1492
600 _aFederico
_bI
_cEmperador del Sacro Imperio Romano Germánico
_xBiografías
_9873
700 _9939
_aPeral Domínguez, Victorio
942 _2ddc
_cBK
999 _c706
_d706